00676nam a2200193Ia 450000500170000000800410001702000220005808200190008010000210009924500360012025000110015626000430016730000110021050000280022165000250024994200070027499900170028195201840029820260423105945.0260423s9999 xx 000 0 und d a978-1-259-27721-4 a658.15 bROS-E aRoss, Stephen A. 0aEssentials of Corporate Finance a9th Ed aNew York, NY bMcGraw-Hill/Irwinc2015 a683 p. aIncludes Subject Index. aManagement Sciences  cBK c47379d47379 00w2026-04-231040708Management Science aAUKCbAUKCcManagement Scienced2026-04-09eAli Book Servicesg3796.00iKA/10221l0o658.15 ROS-EpAUKHP0604r2026-04-23 11:00:48yBK